000 00522cam a2200205ua 4500
001 7564
008 141217n ii |||gr||||Z||||||asm
020 _a9789382283713
040 _cMAIN
041 _aasm
082 _a491.451
100 _aBaruah, A. Kr.,
_eAuthor.
245 _aAsamar bhasa aru lipir parichay
_cBy Anup Kumar Baruah
250 _a1st.
260 _aDibrugarh:
_bKaustabh,
_c2014.
300 _a175p.
653 _aEast Indo-European & Celtic languages
653 _aAssamese language
942 _cBK
999 _c6686
_d6686